One-Hit Wonders of 2019 (Billboard Hot 100) - Statistics

General Stats
  • This quiz has been taken 5 times
    3 since last reset
  • The average score is 24 of 45
Answer Stats
Month Peak One-Hit Wonder Artist(s) Song % Correct
#34 9LOKKNINE (collaboration with YNW Melly) 223's
100%
January #32 PINKFONG Baby Shark
100%
#8 Social House (collaboration with Ariana Grande) Boyfriend
100%
#4 Tones and I Dance Monkey
100%
March #31 CHVRCHES (featured by Marshmello) Here With Me
100%
December #46 AURORA (collaboration with Idina Menzel) Into the Unknown
100%
#55 Y2K & bbno$ Lalala
100%
#79 Alec Benjamin (with feature by Alessia Cara) Let Me Down Slowly
100%
#4 Arizona Zervas Roxanne
100%
#13 SHAED Trampoline
100%
#66 Brian May (featured by Five Finger Death Punch, featured with Kenny Wayne Shepherd & Brantley Gilbert) Blue on Black
67%
August #76 Blue Ivy Carter (collaboration with Beyonce, SAINt JHN & Wizkid) Brown Skin Girl
67%
#71 Pedro Capo (collaboration with Farruko) Calma
67%
October #81 j-hope** (collaboration with Becky G) Chicken Noodle Soup
67%
April #66 Mabel Don't Call Me Up
67%
February #98 Hikaru Utada (collaboration with Skrillex) Face My Fears
67%
#39 Thomas Wesley* (collaboration with Morgan Wallen) Heartless
67%
#60 Layton Greene (collaboration with Lil Baby, City Girls & PnB Rock) Leave Em Alone
67%
#69 Victoria Monet (collaboration with Ariana Grande) Monopoly
67%
#49 Sarah Jeffery Queen of Mean
67%
#70 Evan Rachel Wood (collaboration with Idina Menzel) Show Yourself
67%
June #91 The Five ('featured' by John Rich) Shut Up About Politics
67%
#81 Ant Saunders Yellow Hearts
67%
#80 Loud Luxury ft. Brando Body
33%
#88 Runaway June Buy My Own Drinks
33%
#75 Guapdad 4000, Reese LAFLARE, Jace, Mez, Smokepurpp & Buddy (featured by Dreamville, featured with Bas, JID & Ski Mask The Slump God) Costa Rica
33%
#65 DOM KENNEDY (featured by Nipsey Hussle, featured with Belly) Double Up
33%
#64 EARTHGANG (featured by Dreamville, collaborative feature with J. Cole, JID, Young Nudy & Bas) Down Bad
33%
November #45 Sunday Service Choir (featured by Kanye West) Every Hour
33%
May #49 JON Z (collaboration with YG & Tyga) Go Loko
33%
#60 Fred Hammond (featured by Kanye West) Hands On
33%
#97 Dre (collaboration with Fat Joe, Eminem & Mary J. Blige) Lord Above
33%
#90 Oumou Sangare (featured by Beyonce, JAY-Z & Childish Gambino) MOOD 4 EVA
33%
#92 A Day to Remember (featured by Marshmello) Rescue Me
33%
#69 Illenium & Lennon Stella (collaboration with The Chainsmokers) Takeaway
33%
#44 Lute (featured by Dreamville, featured with J. Cole & DaBaby) Under The Sun
33%
#61 FLETCHER Undrunk
33%
#82 Ambjaay Uno
33%
#100 Stacy Barthe (featured by Nipsey Hussle) Victory Lap
33%
July #67 Ink (featured by Chris Brown, featured with Justin Bieber) Don't Check On Me
0%
#84 SAFE (collaboration with Khalid) Don't Pretend
0%
#79 DaniLeigh (collaboration with Chris Brown) Easy
0%
September #94 for KING & COUNTRY God Only Knows
0%
#66 Lunay (collaboration with Daddy Yankee & Bad Bunny) Soltera
0%
#97 Lindsay Ell (collaboration with Brantley Gilbert) What Happens in a Small Town
0%
No matching quizzes found
Score Distribution
Percent of People with Each Score
Percentile by Number Answered
Your Score History
You have not taken this quiz since the last reset